Statistics for Four letter animal quiz

Click here to take the quiz!

General Stats

  • This quiz has been taken 52 times
  • The average score is 21 of 24

Answer Stats

HintAnswer% Correct
Grizzly, teddyBear
100%
Very common, black bird, intelligentCrow
98%
Quack QuackDuck
98%
King of the jungleLion
98%
The ugly duckling turns into this, white waterbirdsSwan
98%
Howling, in the dog familyWolf
95%
Looks like a walrus without tusks, lives in cold waterSeal
93%
Pinches with claws, mostly redCrab
91%
Jumps a lot, has sticky feet, amphibianFrog
91%
Small horsePony
91%
Another type of the aboveToad
91%
Looks like a bee, painful sting, long and thin bodiesWasp
91%
Often found in soil, tubelike bodyWorm
91%
DoeDeer
88%
Extinct, flightless birdDodo
88%
Another type of rabbitHare
88%
Young sheepLamb
88%
Fish, silver, mostly packed in a can to eatTuna
88%
Baby kangaroosJoey
81%
often found in pets, has ability to jump longs distancesFlea
79%
Hybrid of a donkey and a horseMule
79%
Caterpillar can turn into thisMoth
77%
Shellfish, has pearls insideClam
74%
To have eyes like a _____, birdHawk
74%

Score Distribution

Percentile by Number Answered

Percent of People with Each Score

Your Score History

You have not taken this quiz